Statistics for Telugu Film - Tollywood Actors

Click here to take the quiz!

General Stats

  • This quiz has been taken 332 times
    (129 since last reset)
  • The average score is 15 of 27

Answer Stats

Famous FilmAnswer% Correct
Ala VaikuntapuramloAllu Arjun
95%
Daana Veena Soora KarnaNTR Sr.
93%
BaahubaliPrabhas
93%
HyperRam Pothineni
93%
SrimanthaduMahesh Babu
89%
RangasthalamRam Charan
89%
Nannaku PremathoJr. NTR
87%
Shankar Dada M.B.B.SChiranjeevi
85%
ManmadhuduNagarjuna
83%
FidaaVarun Tej
81%
VikramarkuduRavi Teja
79%
Pilla ZamindarGhanta Naveen Babu
78%
MalliswariVenkatesh Daggubatti
74%
Aditya 369Balakrishna
56%
Nene Raju Nene MantriRana Daggubati
45%
SisindriAkhil Akhineni
44%
DevadasANR
44%
Bendu Apparao RMPEdara Naresh
42%
MahatmaSrikanth
41%
Gudachari 116Krishna
37%
YamaleelaAli
35%
Oohalu GusagusaladeNaga Shaurya
20%
AndhhagaduRaj Tarun
19%
BheeshmaNithin Kumar Reddy
16%
MoneyBrahmanandam
8%
Appatlo OkadundevaduRudraraju Vishnuvardhan
7%
JaanuSharawanand
6%

Score Distribution

Percentile by Number Answered

Percent of People with Each Score

Your Score History

You have not taken this quiz since the last reset